NFL Offenses 2025 - Statistics

General Stats
  • This quiz has been taken 476 times
  • The average score is 163 of 224
Answer Stats
Team Player % Correct
SF QB Brock Purdy
100%
SF RB1 Christian McCaffrey
97%
CHI QB Caleb Williams
95%
KC QB Patrick Mahomes
95%
DET WR2 Jameson Williams
94%
BUF QB Josh Allen
94%
LAC QB Justin Herbert
94%
LAR RB1 Kyren Williams
94%
LAR QB Matthew Stafford
94%
NYG QB Russell Wilson
94%
DET WR1 Amon-Ra St. Brown
93%
PHI WR2 DeVonta Smith
93%
NYJ WR1 Garrett Wilson
93%
LV QB Geno Smith
93%
SF TE George Kittle
93%
DAL RB1 Javonte Williams
93%
CIN QB Joe Burrow
93%
GB QB Jordan Love
93%
LAC WR2 Keenan Allen
93%
BAL QB Lamar Jackson
93%
ARI WR2 Michael Wilson
93%
MIN RB1 Aaron Jones
92%
PHI WR1 A.J. Brown
92%
NYJ RB2 Braelon Allen
92%
CIN RB1 Chase Brown
92%
DAL QB Dak Prescott
92%
IND QB Daniel Jones
92%
BAL RB1 Derrick Henry
92%
JAX WR3 Dyami Brown
92%
CIN WR1 Ja'Marr Chase
92%
DET QB Jared Goff
92%
KC WR3 JuJu Smith-Schuster
92%
NE WR3 Kyle Williams
92%
KC WR2 Marquise Brown
92%
WAS WR3 Noah Brown
92%
PIT WR3 Roman Wilson
92%
KC TE Travis Kelce
92%
JAX QB Trevor Lawrence
92%
PIT QB Aaron Rodgers
91%
ATL RB1 Bijan Robinson
91%
DEN QB Bo Nix
91%
SF RB2 Brian Robinson Jr.
91%
NE TE Hunter Henry
91%
PHI QB Jalen Hurts
91%
WAS QB Jayden Daniels
91%
NYG WR3 Wan'Dale Robinson
91%
TB QB Baker Mayfield
90%
HOU QB C.J. Stroud
90%
NYJ QB Justin Fields
90%
ARI QB Kyler Murray
90%
PHI RB1 Saquon Barkley
90%
MIA QB Tua Tagovailoa
90%
MIA WR1 Tyreek Hill
90%
ARI WR3 Zay Jones
90%
DAL WR1 CeeDee Lamb
89%
NE QB Drake Maye
89%
KC RB1 Isiah Pacheco
89%
DET RB1 Jahmyr Gibbs
89%
BUF RB1 James Cook
89%
LAR WR1 Puka Nacua
89%
SEA QB Sam Darnold
89%
BAL WR1 Zay Flowers
89%
CAR QB Bryce Young
88%
CLE QB Joe Flacco
88%
IND RB1 Jonathan Taylor
88%
BAL RB2 Justice Hill
88%
NYG WR1 Malik Nabers
88%
CIN WR2 Tee Higgins
88%
NO RB1 Alvin Kamara
87%
TEN QB Cam Ward
87%
DET RB2 David Montgomery
87%
MIN QB J.J. McCarthy
87%
MIN WR1 Justin Jefferson
87%
BAL TE Mark Andrews
87%
NYJ TE Mason Taylor
87%
ATL QB Michael Penix
87%
TB WR1 Mike Evans
87%
CHI WR1 D.J. Moore
86%
PIT WR1 DK Metcalf
86%
HOU WR3 Jayden Higgins
86%
LAC RB2 Najee Harris
86%
NO QB Spencer Rattler
85%
JAX RB1 Travis Etienne
85%
KC WR1 Xavier Worthy
85%
CHI RB1 D'Andre Swift
84%
LAR WR2 Davante Adams
84%
MIA WR2 Jaylen Waddle
84%
GB RB1 Josh Jacobs
84%
KC RB2 Kareem Hunt
84%
SEA RB1 Kenneth Walker
84%
DET TE Sam LaPorta
84%
WAS WR1 Terry McLaurin
84%
NYJ RB1 Breece Hall
83%
JAX WR1 Brian Thomas Jr.
82%
TB WR2 Chris Godwin
82%
DEN WR1 Courtland Sutton
82%
MIA RB1 De'Von Achane
82%
ATL WR1 Drake London
82%
TB RB1 Bucky Irving
81%
NO WR1 Chris Olave
81%
DAL WR2 George Pickens
81%
SF WR1 Jauan Jennings
81%
SEA WR1 Jaxon Smith-Njigba
81%
LAC WR1 Ladd McConkey
81%
LV RB1 Ashton Jeanty
80%
BUF TE Dalton Kincaid
80%
PIT RB1 Jaylen Warren
80%
ARI WR1 Marvin Harrison Jr.
80%
HOU WR1 Nico Collins
80%
CHI WR2 Rome Odunze
80%
IND TE Tyler Warren
80%
CAR RB1 Chuba Hubbard
79%
PHI TE Dallas Goedert
79%
MIN WR2 Jordan Addison
79%
IND WR1 Michael Pittman
79%
HOU RB1 Nick Chubb
79%
SF WR2 Ricky Pearsall
79%
NE WR1 Stefon Diggs
79%
CLE WR1 Jerry Jeudy
78%
PIT RB2 Kaleb Johnson
78%
SEA WR2 Cooper Kupp
77%
WAS WR2 Deebo Samuel
77%
ARI RB1 James Conner
77%
NO TE Juwan Johnson
77%
BUF WR1 Khalil Shakir
77%
NE RB1 Rhamondre Stevenson
77%
CHI RB2 Roschon Johnson
77%
NYG TE Theo Johnson
77%
LAC RB1 Omarion Hampton
76%
ARi TE Trey McBride
76%
LV TE Brock Bowers
75%
BUF WR2 Keon Coleman
75%
ATL TE Kyle Pitts
75%
NYG RB1 Tyrone Tracy Jr.
75%
DAL TE Jake Ferguson
74%
DEN RB1 J.K. Dobbins
74%
MIN TE T.J. Hockenson
74%
WAS RB1 Austin Ekeler
73%
TEN RB1 Tony Pollard
73%
SEA RB2 Zach Charbonnet
73%
TEN WR1 Calvin Ridley
72%
NYG RB2 Cam Skattebo
72%
CHI TE Colston Loveland
72%
CLE TE David Njoku
72%
GB WR3 Romeo Doubs
72%
GB TE Tucker Kraft
72%
TB WR3 Emeka Egbuka
71%
TB RB2 Rachaad White
71%
LV WR1 Jakobi Meyers
70%
GB WR1 Matthew Golden
70%
CAR WR1 Tetairoa McMillan
70%
NE RB2 TreVeyon Henderson
70%
WAS TE Zach Ertz
70%
JAX WR2 Travis Hunter
69%
BAL WR2 DeAndre Hopkins
68%
GB WR2 Jayden Reed
68%
LAC WR3 Quentin Johnston
68%
BAL WR3 Rashod Bateman
68%
TB TE Cade Otton
67%
DEN TE Evan Engram
67%
NO WR2 Rashid Shaheed
65%
JAX RB2 Tank Bigsby
64%
MIN WR3 Adam Thielen
63%
ATL WR2 Darnell Mooney
63%
LAR TE Tyler Higbee
63%
MIN RB2 Jordan Mason
62%
DEN WR2 Marvin Mims
62%
DEN RB2 R.J. Harvey
62%
HOU TE Dalton Schultz
61%
HOU RB2 Dameon Pierce
61%
CLE RB1 Jerome Ford
61%
IND WR2 Josh Downs
61%
CAR WR2 Xavier Legette
61%
LAR RB2 Blake Corum
58%
CIN TE Mike Gesicki
58%
PIT TE Pat Freiermuth
58%
BUF RB2 Ray Davis
58%
CAR RB2 Rico Dowdle
57%
DAL RB2 Miles Sanders
56%
NYG WR2 Darius Slayton
54%
NYJ WR2 Allen Lazard
53%
MIA TE Darren Waller
53%
WAS RB2 Jacory Croskey-Merritt
53%
PHI WR3 Jahan Dotson
53%
HOU WR2 Christian Kirk
52%
CIN WR3 Andrei Iosivas
51%
CHI WR3 Luther Burden
51%
LV RB2 Raheem Mostert
50%
ATL RB2 Tyler Allgeier
50%
LAR WR3 Tutu Atwell
49%
PIT WR2 Calvin Austin
48%
TEN RB2 Tyjae Spears
48%
TEN WR2 Tyler Lockett
47%
JAX TE Brenton Strange
45%
LAC TE Will Dissly
45%
CLE RB2 Dylan Sampson
44%
ARI RB2 Trey Benson
44%
IND WR3 Adonai Mitchell
43%
CLE WR2 Cedric Tillman
43%
TEN TE Chigoziem Okonkwo
43%
NE WR2 DeMario Douglas
40%
BUF WR3 Joshua Palmer
40%
PHI RB2 Will Shipley
40%
NO WR3 Brandin Cooks
39%
ATL WR3 Ray-Ray McCloud
37%
CIN RB2 Samaje Perine
37%
LV WR2 Amari Cooper
36%
DEN WR3 Troy Franklin
36%
DAL WR3 Jalen Tolbert
33%
NO RB2 Kendre Miller
33%
CAR TE Tommy Tremble
30%
CAR WR3 Jalen Coker
28%
DET WR3 Kalif Raymond
28%
SEA TE A.J. Barner
27%
NYJ WR3 Josh Reynolds
27%
MIA RB2 Jaylen Wright
26%
TEN WR3 Elic Ayomanor
25%
MIA WR3 Nick Westbrook-Ikhine
25%
LV WR3 Jack Bech
23%
GB RB2 MarShawn Lloyd
17%
SEA WR3 Tory Horton
17%
CLE WR3 Isaiah Bond
16%
IND RB2 Tyler Goodson
15%
SF WR3 Jacob Cowing
7%
No matching quizzes found
Score Distribution
Percent of People with Each Score
Percentile by Number Answered
Your Score History
You have not taken this quiz